| 000 | 00418nam a22001457a 4500 | ||
|---|---|---|---|
| 005 | 20171125094931.0 | ||
| 008 | 171125b xxu||||| |||| 00| 0 eng d | ||
| 020 | _a9781935935667 | ||
| 040 | _cPK-LaUMT | ||
| 082 |
_a711.4 _bLOC- |
||
| 245 |
_aLocations : _banthology of architecture and urbanism / _cedited by Kazi Khaleed Ashraf |
||
| 260 |
_aKhilkhet : _bBengal Foundation, _c2016 |
||
| 300 | _a280 p. | ||
| 942 | _cBK | ||
| 999 |
_c100273 _d100273 |
||